Normal view
MARC view
- Karl R. Spangenberg
Entry Personal Name
001 - CONTROL NUMBER
- control field: 113802
003 - CONTROL NUMBER IDENTIFIER
- control field: NUST
005 - DATE AND TIME OF LATEST TRANSACTION
- control field: 20230725095324.0
008 - FIXED-LENGTH DATA ELEMENTS
- fixed length control field: 230725|| aca||aabn | a|a d
040 ## - CATALOGING SOURCE
- Original cataloging agency: NUST
- Transcribing agency: NUST
100 ## - HEADING--PERSONAL NAME
- Personal name: Karl R. Spangenberg
670 ## - SOURCE DATA FOUND
- Source citation: Work cat.: (NUST)193532: Karl R. Spangenberg, Vacuum Tubes / , 1948
